| 000 | 00968cab a2200265 4500 | ||
|---|---|---|---|
| 001 | ABS51410 | ||
| 008 | 090401t1994 xxu||||| |||| 00| 0 eng d | ||
| 035 | _a(Sirsi) u25361 | ||
| 041 | _aeng | ||
| 100 | _aStepien, K. | ||
| 245 | _aLandlord`s consent to underlet | ||
| 260 | _c1994 | ||
| 350 | _a0 | ||
| 490 |
_aSolicitors` Journal _v138(34) 9 September 1994, 910-911(2) |
||
| 520 | _aConsiders a number of issues raised by "Dong Bong Minerva (UK) Ltd v Davina Ltd" 1994 and a landlord`s refusal to sublet under the Landlord and Tenant Act 1988 s1(3) including duty to pass on applications, admissible reasons for refusal and `reasonable time` for landlord`s decision. | ||
| 650 | _aADMISSIBLE REASONS FOR REFUSAL | ||
| 650 | _aCONSENT TO UNDERLET | ||
| 650 | _aLANDLORD AND TENANT ACT 1988 S1(3) | ||
| 650 | _aLEASES | ||
| 650 | _aREASONABLE TIME | ||
| 650 | _aREFUSAL | ||
| 690 |
_aLandlord and tenant _96252 |
||
| 942 | _n0 | ||
| 948 | _c04/03/1997 | ||
| 999 |
_c17026 _d17026 |
||